Veľká slávnosť bihorských Slovákov

Bibliographic Details
Main Author: Michalčák, Lukáš (Author)
Format: Article
Language:Slovak
ISSN:0862-8823
Subjects:

MARC

LEADER 00000nab a2200000 a 4500
001 vtls000531734
003 SK-MaSNL
005 20260304042420.0
008 240102c xo 0 slo
015 |a SNBRB19rr/mm-uuuuu 
035 |a CL0531872 
040 |a SNKBUCL  |b slo  |c SNKBUCL  |e AACR2 
041 0 |a slo 
044 |a xo  |c SK 
080 |a 323.113(498=854):061.7  |2 1981 
100 1 |a Michalčák, Lukáš  |4 aut  |9 888906 
245 1 0 |a Veľká slávnosť bihorských Slovákov  |c Lukáš Michalčák 
650 0 7 |a Slováci v zahraničí  |2 snkbucl  |9 14695 
651 7 |a Rumunsko  |2 snkbucl  |9 17409 
655 7 |a články z novín a časopisov  |2 snkbucl  |9 267496 
773 0 |t Slovenské národné noviny  |g Roč. 5 (9), č. 39 (1994), s. 10  |x 0862-8823 
850 |a Slovenská národná knižnica v Martine  |a MTA001 
852 |a SNK  |b KIS3GCP 
958 |a RK 
958 |a RO 
992 |a RBX 
999 |c 2674213  |d 2676143